| 000 | 00709nam a22001817a 4500 | ||
|---|---|---|---|
| 999 |
_c18582 _d18582 |
||
| 003 | AR-CdUCM | ||
| 008 | 190514b ||||| |||| 00| 0 spa d | ||
| 040 |
_aMUNICIPALIDAD PROVINCIAL DEL CUSCO _cBIBLIOTECA MUNICIPAL DEL CUSCO |
||
| 082 |
_a306.362 / _bS18 |
||
| 100 |
_aShteeerman, E _939249 |
||
| 245 | _aEl régimen esclavista / | ||
| 260 |
_aBuenos Aires : _bCartago, _c1965. |
||
| 300 |
_a141 páginas ; _c21 cm. |
||
| 505 | _aQue se entiende por régimen esclavista y donde y cuando existió -- Diversidad histórica de las sociedades esclavistas -- El desarrollo económico y social de las sociedades esclavistas. | ||
| 650 |
_aSociedades esclavistas. _939250 |
||
| 942 |
_2ddc _cLIBROS |
||
| 945 | _awfj | ||